Study on population dynamics of insect pests and natural enemies on mustard in insecticide sprayed fields at toeuk vil commune; sa ang district, kandal province; ការសិក្សាពីបម្រែបម្រួលប្រជាករសត្វល្អិតចង្រៃ និងសត្វមានប្រយោជន៍លើដំណាំស្ពៃខៀវក្នុងលក្ខខណ្ឌចម្ការប្រើថ្នាំកម្ចាត់សត្វល្អិត នៅឃុំទឹកវិល ស្រុកស្អាង ខេត្តកណ្តាល (Record no. 10751)

000 -LEADER
fixed length control field 00899nam a22001217a 4500
040 ## - CATALOGING SOURCE
Transcribing agency RUA
082 ## - DEWEY DECIMAL CLASSIFICATION NUMBER
Classification number AGR CHE 2015 B519 Or.1
100 ## - MAIN ENTRY--AUTHOR NAME
Personal name CHEA SAREACH; ជា សារៀច
245 ## - TITLE STATEMENT
Title Study on population dynamics of insect pests and natural enemies on mustard in insecticide sprayed fields at toeuk vil commune; sa ang district, kandal province; ការសិក្សាពីបម្រែបម្រួលប្រជាករសត្វល្អិតចង្រៃ និងសត្វមានប្រយោជន៍លើដំណាំស្ពៃខៀវក្នុងលក្ខខណ្ឌចម្ការប្រើថ្នាំកម្ចាត់សត្វល្អិត នៅឃុំទឹកវិល ស្រុកស្អាង ខេត្តកណ្តាល
260 ## - PUBLICATION, DISTRIBUTION, ETC. (IMPRINT)
Place of publication Phnom Penh
Name of publisher RUA
Year of publication 2015
300 ## - PHYSICAL DESCRIPTION
Number of Pages xi; 50p;
Other physical details ill;
Dimensions 29cm;
942 ## - ADDED ENTRY ELEMENTS (KOHA)
Koha item type AGR
952 ## - LOCATION AND ITEM INFORMATION (KOHA)
Withdrawn status [LOCAL, KOHA] 0
952 ## - LOCATION AND ITEM INFORMATION (KOHA)
Withdrawn status [LOCAL, KOHA] 0
952 ## - LOCATION AND ITEM INFORMATION (KOHA)
Withdrawn status [LOCAL, KOHA] 0
952 ## - LOCATION AND ITEM INFORMATION (KOHA)
Withdrawn status [LOCAL, KOHA] 0
952 ## - LOCATION AND ITEM INFORMATION (KOHA)
Withdrawn status [LOCAL, KOHA] 0
952 ## - LOCATION AND ITEM INFORMATION (KOHA)
Withdrawn status [LOCAL, KOHA] 0
952 ## - LOCATION AND ITEM INFORMATION (KOHA)
Withdrawn status [LOCAL, KOHA] 0
Holdings
Permanent Location Date acquired Koha item type Lost status Shelving location Barcode Current Location Full call number
Library Block B2016-11-04AGR B519A03700Library Block BAGR CHE 2015 B519 Or.1
Library Block B2016-11-04AGR B519A04344Library Block BAGR CHE 2015 B519 Or.2
Library Block B2016-11-04AGR B519A04414Library Block BAGR CHE 2015 B519 Or.3
Library Block B2016-11-04AGR B519A04240Library Block BAGR CHE 2015 B519 Or.4
Library Block B2016-11-04AGR B519A03580Library Block BAGR CHE 2015 B519 Or.5
Library Block B2016-11-04AGR B519A04203Library Block BAGR CHE 2015 B519 Or.6
Library Block B2016-11-04AGR B519A03849Library Block BAGR CHE 2015 B519 Or.7
មជ្ឈមណ្ឌលឯការនៃសាកលវិទ្យាល័យភូមិន្ទកសិកម្មចំការដូង

Powered by Koha